Pokemony z czołówki pierwszego sezonu Pokemonów - Statystyki

Ogólne statystyki
  • Ten quiz został rozwiązany 315 razy
  • Średni wynik to 13 z 30
Statystyki odpowiedzi
Pokemon % Poprawnych
Pikachu
96%
Charizard
78%
Charmander
78%
Bulbasaur
77%
Squirtle
70%
Mew
64%
Mewtwo
58%
Blastoise
51%
Caterpie
47%
Ekans
46%
Pidgeotto
46%
Raichu
45%
Venusaur
45%
Koffing
44%
Meowth
44%
Butterfree
42%
Onix
42%
Zapdos
41%
Articuno
40%
Lapras
40%
Gyarados
32%
Zubat
31%
Rapidash
30%
Arcanine
29%
Haunter
29%
Dragonair
21%
Sandshrew
21%
Tentacruel
20%
Kadabra
17%
Cubone
15%
Nie znaleziono quizów pasujących do podanych kryteriów
Rozkład punktacji
Procent ludzi z każdym wynikiem
Percentyl według liczby udzielonych odpowiedzi
Twoja historia wyników
Nie rozwiązałeś tego quizu